Normal view
MARC view
- 800 Solved Problems in Vector Mechanics for Engineers Volume 1 Statics
Entry Topical Term
001 - CONTROL NUMBER
- control field: 124476
003 - CONTROL NUMBER IDENTIFIER
- control field: NUST
005 - DATE AND TIME OF LATEST TRANSACTION
- control field: 20240712095548.0
008 - FIXED-LENGTH DATA ELEMENTS
- fixed length control field: 240712|| aca||aabn | a|a d
040 ## - CATALOGING SOURCE
- Original cataloging agency: NUST
- Transcribing agency: NUST
150 ## - HEADING--TOPICAL TERM
- Topical term or geographic name entry element: 800 Solved Problems in Vector Mechanics for Engineers Volume 1 Statics
670 ## - SOURCE DATA FOUND
- Source citation: Work cat.: (NUST)610318: Joseph F. Shelley 124462, 800 Solved Problems in Vector Mechanics for Engineers Volume 1 Statics, 1990.
